| Tag |
First Indicator |
Second Indicator |
Subfields |
| LEADER |
00000cam a2200000 a 4500 |
| 001 |
in00000087410 |
| 005 |
20160309131926.0 |
| 008 |
800229c19801976oncabcf 00110 eng d |
| 020 |
|
|
|a 0887610080
|
| 035 |
|
|
|a (OCoLC)06037472
|
| 035 |
|
|
|9 AAK1260AM
|
| 040 |
|
|
|a LRU
|c LRU
|d TXA
|d UtOrBLW
|
| 043 |
|
|
|a n-us---
|a e-uk---
|a n-cn-qu
|
| 045 |
|
|
|a v5v6
|
| 049 |
|
|
|a TXAM
|c [1655874]
|
| 090 |
|
|
|a E199
|b K764 1980
|
| 100 |
1 |
|
|a Knox, John,
|d -1778.
|
| 245 |
1 |
4 |
|a The siege of Quebec and the campaigns in North America, 1757-1760 /
|c by John Knox.
|
| 250 |
|
|
|a [New ed.] /
|b edited and introduced by Brian Connell ; maps by K. C. Jordan.
|
| 264 |
|
1 |
|a Mississauga :
|b Pendragon House,
|c 1980
|
| 264 |
|
4 |
|c ©1976
|
| 300 |
|
|
|a 319 pages, 13 unnumbered leaves of plates :
|b illustrations, maps, portraits ;
|c 26 cm.
|
| 336 |
|
|
|a text
|b txt
|2 rdacontent
|
| 337 |
|
|
|a unmediated
|b n
|2 rdamedia
|
| 338 |
|
|
|a volume
|b nc
|2 rdacarrier
|
| 490 |
1 |
|
|a Pendragon Canadiana series
|
| 500 |
|
|
|a Includes index.
|
| 650 |
|
0 |
|a Québec Campaign, Québec, 1759.
|
| 651 |
|
0 |
|a United States
|x History
|y French and Indian War, 1754-1763
|x Campaigns.
|
| 700 |
1 |
|
|a Connell, Brian,
|d 1916-1999.
|
| 830 |
|
0 |
|a Pendragon Canadiana series.
|
| 999 |
|
|
|a MARS
|
| 999 |
f |
f |
|s b674a33a-47ae-3070-9c89-f68ea08f6cd9
|i 805b154c-4303-35ec-8e0e-681781ae39a9
|t 0
|
| 952 |
f |
f |
|p ric
|a Texas A&M University
|b Rellis Campus
|c Joint Library Facility
|d Remote Storage
|t 0
|e E199 K764 1980
|h Library of Congress classification
|i unmediated -- volume
|m A14805976318
|
| 998 |
f |
f |
|a E199 K764 1980
|t 0
|l Remote Storage
|